000 00220nam a2200097Ia 4500
008 240331s9999 xx 000 0 und d
082 _bOXF
100 _aWaite, M. ed
245 4 _aThe Oxford paperback thesaurus
942 _cL
999 _c3219
_d3219